Pensil americano florido en el rigor del invierno, la imagen de María santísima de Guadalupe aparecida en la corte ...

Detalles Bibliográficos
Autor principal: CARRILLO Y PÉREZ, Ignacio
Formato: Libro
Publicado: México 1797
Materias:
Colección:Banco de datos
Acervo:Biblioteca del Ex Convento de Nuestra Señora de Guadalupe. Zacatecas
Tema general:Mariología
Notas:Buena. XII,4,17 (4073)
LEADER 00759nam a22001930004500
035 |a 44935 
036 |a 6119 
100 1 |a CARRILLO Y PÉREZ, Ignacio 
245 1 0 |a Pensil americano florido en el rigor del invierno, la imagen de María santísima de Guadalupe aparecida en la corte ... 
260 |a México  |b imp. Mariano de Zúñiga y Ontiveros  |c 1797 
500 |a Buena. XII,4,17 (4073) 
650 1 0 |a Mariología 
949 |a CRZ-CG 
959 |a Ex convento de Nuestra Señora de Guadalupe, Museo Regional de Zacatecas, Zacatecas  |b CCC4 
960 |a Convento de Nuestra Señora de Guadalupe, Zacatecas  |b DD87 
961 |a Franciscana  |b OF 
942 |c CRZ-CG 
943 |g Biblioteca del Ex Convento de Nuestra Señora de Guadalupe. Zacatecas 
999 |c 969062  |d 969062